[Event "GER-ch 70th"]
[Site "Bremen"]
[Date "1998.11.08"]
[Round "3"]
[White "Kindermann, Stefan"]
[Black "Jugelt, Tobias"]
[Result "1/2-1/2"]
[WhiteElo "2540"]
[BlackElo "2350"]
[EventDate "1998.11.06"]
[PlyCount "110"]

1. e4 Nf6 2. e5 Nd5 3. d4 d6 4. Nf3 Bg4 5. Be2 e6 6. h3 Bh5 7. O-O Be7 8. c4 Nb6 9. Nc3 O-O 10. Be3 d5 11. c5 Bxf3 12. gxf3 Nc8 13. f4 Bh4 14. Bd3 g6 15. b4 Ne7 16. b5 Nd7 17. Qe2 Kh8 18. Kh2 Rg8 19. Rg1 h5 20. Qf3 c6 21. Rab1 Rb8 22. a4 Nf5 23. Rb3 Qa5 24. Rgb1 Kg7 25. Rg1 Kh8 26. Bxf5 exf5 27. Nxd5 Qxa4 28. Rb4 Qa3 29. Rbb1 Bxf2 30. Qxf2 cxd5 31. Qd2 Qa4 32. Qd3 a6 33. Qb3 Qxb3 34. Rxb3 a5 35. Ra1 b6 36. cxb6 Nxb6 37. Rxa5 Rb7 38. Bf2 Rc8 39. Ra6 Rc2 40. Kg3 Kg7 41. Be1 Nc4 42. Ra8 Kh7 43. b6 Rxb6 44. Rxb6 Nxb6 45. Rd8 Rb2 46. Ba5 Rb3+ 47. Kh2 Nc4 48. Rxd5 Nxa5 49. Rxa5 Rf3 50. Ra7 Kg8 51. Ra8+ Kg7 52. Ra7 Kf8 53. Ra8+ Kg7 54. Ra7 Kf8 55. Ra8+ Kg7 1/2-1/2

[Event "GER-ch 70th"]
[Site "Bremen"]
[Date "1998.11.08"]
[Round "3"]
[White "Knaak, Rainer"]
[Black "Bangiev, Alexander J"]
[Result "0-1"]
[WhiteElo "2555"]
[BlackElo "2395"]
[EventDate "1998.11.06"]
[PlyCount "78"]

1. d4 g6 2. e4 Bg7 3. c4 c5 4. d5 d6 5. Bd3 Nf6 6. Ne2 O-O 7. O-O e6 8. Nbc3 exd5 9. cxd5 a6 10. a4 Nbd7 11. h3 Qc7 12. f4 Re8 13. Ng3 c4 14. Bc2 Rb8 15. Be3 Nc5 16. Bd4 b5 17. axb5 axb5 18. f5 g5 19. Qc1 h6 20. h4 b4 21. hxg5 bxc3 22. bxc3 Nfxe4 23. Nxe4 Bxd4+ 24. cxd4 Nxe4 25. gxh6 f6 26. Qe3 Rb3 27. Qe2 Rd3 28. Rae1 Qf7 29. Ba4 Bd7 30. Bxd7 Qxd7 31. Rf4 Rxd4 32. Qh5 Kh8 33. Rg4 Re7 34. Ra1 Qe8 35. Qg6 Qf8 36. Qh5 c3 37. Rg7 c2 38. Qg6 Rd1+ 39. Kh2 Ng5 {time , aber jetzt sah ich nichts und die Platte fiel. Dabei gibt es gleich zwei GewinnzA14ge.} 0-1

[Event "GER-ch 70th"]
[Site "Bremen"]
[Date "1998.11.08"]
[Round "3"]
[White "Lehmann, Karl Heinz"]
[Black "Zeller, Frank"]
[Result "0-1"]
[WhiteElo "2325"]
[BlackElo "2445"]
[EventDate "1998.11.06"]
[PlyCount "64"]

1. d4 Nf6 2. Nf3 e6 3. g3 b6 4. Bg2 Bb7 5. O-O c5 6. dxc5 bxc5 7. c4 d6 8. Nc3 Be7 9. b3 O-O 10. Bb2 Qb6 11. Qc2 Rd8 12. Rfd1 Nc6 13. e3 Rab8 14. Qe2 Nb4 15. Ng5 h6 16. Nge4 Ne8 17. f4 d5 18. Na4 Qa5 19. Nd2 Bc6 20. a3 Nc2 21. Bc3 Qa6 22. Ra2 Nxe3 23. Qxe3 d4 24. Qd3 dxc3 25. Qxc3 Bf6 26. Qc2 Nd6 27. Ne4 Nxe4 28. Rxd8+ Rxd8 29. Bxe4 Qb7 30. Bxc6 Qxc6 31. h3 Qf3 32. Qg2 Qxb3 0-1

[Event "GER-ch 70th"]
[Site "Bremen"]
[Date "1998.11.08"]
[Round "3"]
[White "Lindenmair, Anton"]
[Black "Espig, Lutz"]
[Result "1/2-1/2"]
[WhiteElo "2155"]
[BlackElo "2440"]
[EventDate "1998.11.06"]
[PlyCount "44"]

1. d4 d6 2. c4 e5 3. Nf3 e4 4. Ng5 f5 5. Nh3 Be7 6. e3 c6 7. Nc3 Nf6 8. Nf4 Na6 9. d5 O-O 10. h4 Ng4 11. g3 Ne5 12. Be2 g6 13. Kf1 Bf6 14. Kg2 c5 15. Rb1 Nc7 16. Bd2 b6 17. a3 Qe7 18. b4 Ba6 19. b5 Bc8 20. a4 a5 21. Qc2 Bd7 22. Rbg1 Ne8 1/2-1/2

[Event "GER-ch 70th"]
[Site "Bremen"]
[Date "1998.11.08"]
[Round "3"]
[White "Loew, Gerald"]
[Black "Tabatt, Hendrik"]
[Result "1-0"]
[WhiteElo "2295"]
[BlackElo "2010"]
[EventDate "1998.11.06"]
[PlyCount "82"]

1. e4 c5 2. Nf3 e6 3. d4 cxd4 4. Nxd4 Nf6 5. Nc3 d6 6. Be2 a6 7. a4 Be7 8. O-O O-O 9. f4 Nc6 10. Be3 Qc7 11. Kh1 Bd7 12. Nb3 Rac8 13. a5 Nb4 14. Bb6 Qb8 15. Qd2 Bc6 16. Nd4 Nd7 17. Na4 Bxa4 18. Rxa4 Nc6 19. Nxc6 Rxc6 20. Bg1 Rfc8 21. Bd1 Rc4 22. c3 Nf6 23. Re1 Rxa4 24. Bxa4 Bd8 25. b4 Qc7 26. Re3 d5 27. exd5 Qd6 28. Rd3 Nxd5 29. c4 Qxb4 30. Rxd5 Bxa5 31. Qxb4 Bxb4 32. Rd7 Rxc4 33. Rxb7 Rxf4 34. g3 Rg4 35. Rb8+ Bf8 36. Bc5 h5 37. Rxf8+ Kh7 38. Bc2+ g6 39. Rxf7+ Kg8 40. Rf8+ Kg7 41. Rf4 Rg5 1-0

[Event "GER-ch 70th"]
[Site "Bremen"]
[Date "1998.11.08"]
[Round "3"]
[White "Maier, Christian"]
[Black "Lutz, Klaus Juergen"]
[Result "1/2-1/2"]
[WhiteElo "2345"]
[BlackElo "2290"]
[EventDate "1998.11.06"]
[PlyCount "52"]

1. d4 f5 2. c4 Nf6 3. Nc3 d6 4. Bg5 Nbd7 5. Qc2 g6 6. O-O-O Bg7 7. f3 c6 8. e4 fxe4 9. fxe4 e5 10. Nf3 Qa5 11. c5 exd4 12. Rxd4 Qxc5 13. Bc4 b5 14. b4 Qb6 15. Bb3 c5 16. Rxd6 Qxd6 17. Nxb5 Qc6 18. Qc4 Ba6 19. Qf7+ Kd8 20. Bd5 Qxb5 21. Qxg7 Rf8 22. Ne5 Kc7 23. Bxf6 Rxf6 24. Qxd7+ Qxd7 25. Nxd7 Kxd7 26. Bxa8 cxb4 1/2-1/2

[Event "GER-ch 70th"]
[Site "Bremen"]
[Date "1998.11.08"]
[Round "3"]
[White "Mainka, Romuald"]
[Black "Hertneck, Gerald"]
[Result "0-1"]
[WhiteElo "2480"]
[BlackElo "2555"]
[EventDate "1998.11.06"]
[PlyCount "116"]

1. e4 g6 2. d4 d6 3. Nf3 Nf6 4. Bd3 Bg7 5. O-O O-O 6. Re1 Nc6 7. c3 e5 8. Na3 Bg4 9. Nc2 Nh5 10. Be2 Nf4 11. Bxf4 exf4 12. Qd2 g5 13. h3 Bd7 14. b4 h6 15. Rad1 Ne7 16. e5 d5 17. Nh2 Bf5 18. Bh5 Qd7 19. Qe2 Qc6 20. Qd2 a5 21. bxa5 Bxc2 22. Qxc2 Rxa5 23. Re2 Ra3 24. Rc1 Rfa8 25. Qb1 b6 26. Ng4 Qe6 27. Rcc2 c5 28. Qd1 R3a4 29. Rcd2 Rc4 30. Rd3 b5 31. Qe1 Nf5 32. dxc5 Rxc5 33. Qd2 Ne7 34. Re1 Nc6 35. h4 Re8 36. hxg5 hxg5 37. Rh3 Nxe5 38. Nxe5 Bxe5 39. Qd3 Re7 40. Bd1 Qg6 41. Qxg6+ fxg6 42. Rd3 Kf7 43. Bf3 Kf6 44. Red1 Bxc3 45. Rxd5 Rxd5 46. Rxd5 b4 47. Rd8 Re1+ 48. Kh2 Ra1 49. Ra8 g4 50. Ra6+ Kg5 51. Be4 Bd4 52. Rxg6+ Kh5 53. g3 f3 54. Bf5 Bxf2 55. Rxg4 Bg1+ 56. Kh3 Bc5 57. Kh2 Rxa2+ 58. Kh3 Ra1 0-1

[Event "GER-ch 70th"]
[Site "Bremen"]
[Date "1998.11.08"]
[Round "3"]
[White "Mueller, Karsten"]
[Black "Heinemann, Thies"]
[Result "1/2-1/2"]
[WhiteElo "2550"]
[BlackElo "2495"]
[EventDate "1998.11.06"]
[PlyCount "76"]

1. e4 c5 2. Nf3 d6 3. d4 cxd4 4. Nxd4 Nf6 5. Nc3 a6 6. Bc4 e6 7. O-O b5 8. Bb3 Be7 9. Be3 O-O 10. f3 Bd7 11. g4 Nc6 12. g5 Ne8 13. f4 Nxd4 14. Qxd4 a5 15. a3 Nc7 16. Rf3 Rb8 17. f5 b4 18. f6 bxc3 19. e5 cxb2 20. Rb1 dxe5 21. Qh4 h6 22. fxg7 Bxg5 23. gxf8=Q+ Kxf8 24. Bc5+ Kg8 25. Qg3 Rb5 26. Bd6 Ne8 27. Bxe5 Qb6+ 28. Kf1 Bc6 29. Rf2 Qe3 30. Bxb2 Rxb3 31. cxb3 Qe4 32. Rc1 Qh1+ 33. Ke2 Bb5+ 34. Rc4 Qe4+ 35. Kf1 Qh1+ 36. Ke2 Qe4+ 37. Kf1 Qh1+ 38. Ke2 Qe4+ 1/2-1/2

[Event "GER-ch 70th"]
[Site "Bremen"]
[Date "1998.11.08"]
[Round "3"]
[White "Reichmann, Hendrik"]
[Black "Westphal, Wolfgang"]
[Result "0-1"]
[WhiteElo "2305"]
[BlackElo "2188"]
[EventDate "1998.11.06"]
[PlyCount "92"]

1. e4 d5 2. exd5 Qxd5 3. Nc3 Qa5 4. d4 c6 5. Bc4 Nf6 6. Nf3 Bf5 7. Bd2 e6 8. Ne4 Qc7 9. Nxf6+ gxf6 10. Qe2 Nd7 11. Bb3 O-O-O 12. O-O-O Nb6 13. Nh4 Bg6 14. Qf3 Be7 15. Bf4 Qd7 16. Rhe1 Nd5 17. Bg3 f5 18. c4 Bg5+ 19. Kb1 Nc7 20. Nxg6 hxg6 21. d5 exd5 22. cxd5 f4 23. h4 fxg3 24. hxg5 gxf2 25. Qxf2 cxd5 26. Qxa7 Rhe8 27. Rxe8 Qxe8 28. Rc1 Qe4+ 29. Ka1 Qf4 30. Qa8+ Kd7 31. Ba4+ b5 32. Qc6+ Ke7 33. Qxc7+ Qxc7 34. Rxc7+ Kd6 35. Rxf7 bxa4 36. Rf6+ Ke5 37. Rxg6 d4 38. Rc6 d3 39. Rc1 Kd4 40. Kb1 d2 41. Rd1 Ke3 42. g6 Ke2 43. Rh1 d1=Q+ 44. Rxd1 Kxd1 45. a3 Rg8 46. b3 Rxg6 0-1

[Event "GER-ch 70th"]
[Site "Bremen"]
[Date "1998.11.08"]
[Round "3"]
[White "Siegel, Georg"]
[Black "Luther, Thomas"]
[Result "1/2-1/2"]
[WhiteElo "2495"]
[BlackElo "2560"]
[EventDate "1998.11.06"]
[PlyCount "42"]

1. d4 e6 2. c4 Nf6 3. Nf3 d5 4. Nc3 c5 5. cxd5 Nxd5 6. e3 Nc6 7. Bc4 cxd4 8. exd4 Nxc3 9. bxc3 Bd6 10. O-O O-O 11. Re1 Qc7 12. Bd3 e5 13. dxe5 Nxe5 14. Nxe5 Bxe5 15. Bxh7+ Kxh7 16. Qh5+ Kg8 17. Qxe5 Qxe5 18. Rxe5 Bd7 19. Be3 f6 20. Re7 Rf7 21. Rxf7 Kxf7 1/2-1/2

[Event "GER-ch 70th"]
[Site "Bremen"]
[Date "1998.11.08"]
[Round "3"]
[White "Sielecki, Christof"]
[Black "Frohberg, Marco"]
[Result "1/2-1/2"]
[WhiteElo "2410"]
[BlackElo "2300"]
[EventDate "1998.11.06"]
[PlyCount "29"]

1. c4 e5 2. Nc3 Nc6 3. g3 f5 4. Bg2 Nf6 5. d3 Bb4 6. Bd2 O-O 7. Nd5 Bxd2+ 8. Qxd2 Ne7 9. e3 c6 10. Nxf6+ Rxf6 11. Ne2 d5 12. c5 Ng6 13. d4 Qe7 14. dxe5 Nxe5 15. Rc1 1/2-1/2

[Event "GER-ch 70th"]
[Site "Bremen"]
[Date "1998.11.08"]
[Round "3"]
[White "Slobodjan, Roman"]
[Black "Boensch, Uwe"]
[Result "1/2-1/2"]
[WhiteElo "2575"]
[BlackElo "2530"]
[EventDate "1998.11.06"]
[PlyCount "62"]

1. e4 c5 2. Nf3 d6 3. d4 cxd4 4. Nxd4 Nf6 5. Nc3 e6 6. g4 h6 7. Bg2 Nc6 8. h3 a6 9. f4 d5 10. Be3 Bb4 11. e5 Nd7 12. O-O Nb6 13. Nce2 Nc4 14. Bc1 Bd7 15. a3 Be7 16. b3 N4a5 17. Be3 Nxd4 18. Nxd4 Nc6 19. f5 Qc7 20. fxe6 fxe6 21. Nxc6 Bxc6 22. Bd4 Bb5 23. Rf3 Bc5 24. Rc3 Bxd4+ 25. Qxd4 Bc6 26. Rf1 Rf8 27. Rcf3 Rxf3 28. Rxf3 O-O-O 29. Bf1 Kb8 30. a4 Qe7 31. Bd3 Rf8 1/2-1/2

[Event "GER-ch 70th"]
[Site "Bremen"]
[Date "1998.11.08"]
[Round "3"]
[White "Tischbierek, Raj"]
[Black "Jussupow, Artur"]
[Result "1/2-1/2"]
[WhiteElo "2515"]
[BlackElo "2640"]
[EventDate "1998.11.06"]
[PlyCount "41"]

1. e4 e6 2. d4 d5 3. Nd2 c5 4. exd5 exd5 5. Ngf3 Nc6 6. Bb5 Bd6 7. dxc5 Bxc5 8. O-O Nge7 9. Nb3 Bd6 10. Re1 O-O 11. Bg5 Qc7 12. h3 Bf5 13. Nbd4 Bg6 14. Bd3 a6 15. Bxg6 hxg6 16. c3 Rfe8 17. Qd2 Na5 18. Re2 Nc4 19. Qc2 Nc6 20. Rae1 Qd7 21. Bc1 1/2-1/2

[Event "GER-ch 70th"]
[Site "Bremen"]
[Date "1998.11.09"]
[Round "4"]
[White "Keitlinghaus, Ludger"]
[Black "Maier, Christian"]
[Result "1/2-1/2"]
[WhiteElo "2485"]
[BlackElo "2345"]
[EventDate "1998.11.06"]
[PlyCount "126"]

1. e4 e6 2. d4 d5 3. e5 Qd7 4. c4 dxc4 5. Bxc4 Qc6 6. Bf1 Bb4+ 7. Bd2 Qe4+ 8. Ne2 Nc6 9. Bxb4 Nxb4 10. Qa4+ Nc6 11. Nbc3 Qh4 12. g3 Qd8 13. Bg2 Nge7 14. Rd1 O-O 15. Nf4 Bd7 16. Qc2 Qe8 17. O-O Rd8 18. Rfe1 Bc8 19. Qa4 a6 20. Qc4 Kh8 21. a3 Bd7 22. h3 Nc8 23. d5 Nb6 24. Qe2 exd5 25. Ncxd5 Nxd5 26. Nxd5 Rc8 27. Qh5 f5 28. Qxe8 Rfxe8 29. Nb4 Re7 30. Bxc6 Bxc6 31. Nxc6 bxc6 32. Rc1 Re6 33. Rc5 Rb8 34. Rd1 g5 35. b4 Rb5 36. Rd8+ Kg7 37. Rd7+ Kg6 38. f4 Rb7 39. Kf2 h6 40. Kf3 Ra7 41. Rd8 Rb7 42. Rf8 Rb6 43. Ke2 gxf4 44. gxf4 Kg7 45. Rxf5 Rg6 46. Kf2 Rb8 47. Rf6 Rxf6 48. exf6+ Kxf6 49. Rxc6+ Kf5 50. Rxh6 a5 51. Rh5+ Kxf4 52. Rxa5 Rh8 53. Ke2 Rxh3 54. Kd2 Ke4 55. Kc2 c5 56. b5 c4 57. Ra8 Kd4 58. a4 Rh2+ 59. Kd1 Rb2 60. Rb8 Kc5 61. Kc1 c3 62. Rc8+ Kb4 63. b6 Ka5 1/2-1/2

[Event "GER-ch 70th"]
[Site "Bremen"]
[Date "1998.11.09"]
[Round "4"]
[White "Schumacher, Olaf"]
[Black "Knaak, Rainer"]
[Result "1-0"]
[WhiteElo "2330"]
[BlackElo "2555"]
[EventDate "1998.11.06"]
[PlyCount "89"]

1. d4 e6 2. c4 Nf6 3. Nc3 Bb4 4. e3 b6 5. Nge2 c5 6. a3 Ba5 7. Rb1 Na6 8. Qa4 Qe7 9. dxc5 Bxc3+ 10. Nxc3 bxc5 11. Be2 Bb7 12. f3 O-O 13. b4 d6 14. O-O Nd7 15. Qc2 f5 16. Bd2 Nc7 17. Na4 Bc6 18. Rfd1 e5 19. b5 Bb7 20. b6 Ne6 21. bxa7 Rxa7 22. Nb6 Bc6 23. Nd5 Qe8 24. Qb2 g5 25. Bd3 Kh8 26. Bc3 f4 27. exf4 gxf4 28. Qf2 Qd8 29. Be4 Rxa3 30. Qb2 Ra6 31. Ra1 Rxa1 32. Rxa1 Ng5 33. Ba5 Qb8 34. Qxb8 Nxb8 35. Bc7 Nf7 36. Ra7 Kg7 37. Bxd6 Re8 38. Bxc5 Nd7 39. Ba3 Rb8 40. Bf5 Nf6 41. Ne7 Ba8 42. c5 e4 43. fxe4 Nxe4 44. Bxe4 Bxe4 45. c6 1-0

[Event "GER-ch 70th"]
[Site "Bremen"]
[Date "1998.11.11"]
[Round "6"]
[White "Bangiev, Alexander J"]
[Black "Kindermann, Stefan"]
[Result "1/2-1/2"]
[WhiteElo "2395"]
[BlackElo "2540"]
[EventDate "1998.11.06"]
[PlyCount "76"]

1. e4 g6 2. d4 Bg7 3. Nc3 d6 4. Nf3 Nf6 5. Be2 O-O 6. O-O c5 7. d5 Na6 8. h3 Nc7 9. a4 b6 10. Bf4 Bb7 11. Re1 Qd7 12. Bc4 a6 13. Qd3 Rad8 14. Rad1 Qc8 15. Qe3 Rfe8 16. Bh6 e6 17. Bxg7 Kxg7 18. dxe6 Nxe6 19. Nd5 Bxd5 20. Bxd5 b5 21. axb5 axb5 22. Qb3 b4 23. c3 bxc3 24. Qxc3 Nf4 25. Bc4 Qb7 26. Ng5 d5 27. exd5 Rxe1+ 28. Rxe1 N4xd5 29. Bxd5 Qxd5 30. Nxh7 Qd4 31. Nxf6 Qxf6 32. Qc2 c4 33. Re3 Rd3 34. Qe2 Qd4 35. Re4 Rd1+ 36. Kh2 Rd2 37. Rxd4 Rxe2 38. Rxc4 Rxb2 1/2-1/2

[Event "GER-ch 70th"]
[Site "Bremen"]
[Date "1998.11.13"]
[Round "8"]
[White "Koscielski, Janusch"]
[Black "Espig, Lutz"]
[Result "0-1"]
[WhiteElo "2320"]
[BlackElo "2440"]
[EventDate "1998.11.06"]
[PlyCount "54"]

1. e4 c5 2. Nf3 e6 3. d4 cxd4 4. Nxd4 Nf6 5. Nc3 d6 6. f4 a6 7. Qf3 Qc7 8. g4 b5 9. g5 Nfd7 10. Bd3 Bb7 11. Be3 Nc6 12. Qh3 Nxd4 13. Bxd4 b4 14. Ne2 e5 15. fxe5 dxe5 16. Be3 Nc5 17. Bxc5 Bxc5 18. O-O-O Bc8 19. Qf3 Be6 20. Kb1 h5 21. h3 g6 22. Nc1 Be7 23. Qg2 O-O 24. Be2 a5 25. Bg4 hxg4 26. hxg4 Bxg5 27. Qh2 Kg7 0-1

[Event "GER-ch 70th"]
[Site "Bremen"]
[Date "1998.11.14"]
[Round "9"]
[White "Schumacher, Olaf"]
[Black "Tabatt, Hendrik"]
[Result "1/2-1/2"]
[WhiteElo "2330"]
[BlackElo "2010"]
[EventDate "1998.11.06"]
[PlyCount "44"]

1. d4 Nf6 2. c4 e6 3. Nc3 Bb4 4. e3 O-O 5. Bd3 b6 6. Nge2 Bb7 7. O-O d6 8. e4 c5 9. d5 a6 10. Bg5 h6 11. Bh4 e5 12. a3 Bxc3 13. Nxc3 Nbd7 14. Qf3 Re8 15. Nd1 g5 16. Bg3 Nf8 17. Ne3 Bc8 18. Nf5 Bxf5 19. Qxf5 Ng6 20. Rad1 Kg7 21. Qf3 h5 22. h3 Qd7 1/2-1/2